000 00397nam a2200145Ia 4500
008 220217s9999||||xx |||||||||||||| ||und||
020 _a9788174091270
082 _a624 VAZ
100 _aVazirani, V.N and Chandola, S.P
_910267
245 0 _aCivil engineering
250 _a6
260 _aKhanna publishers
_bNew Delhi
_c2015
300 _aXIII, 1136p.
_b449
650 _aCivil engineering
999 _c188679
_d188679